000 00632nam a2200229 i 4500
001 47704
003 ES-MaACL
005 20230906161620.0
007 t|
008 030520s2002 sp ||||1| spa d
020 _a84-233-3417-1
080 _a726.1.032.2
080 _a930.85(32)
100 1 _aWilkinson, Richard H.
_9116870
245 1 4 _aLos templos del antiguo Egipto /
_cRichard H. Wilkinson.
250 _a1ª ed.
260 _aBarcelona :
_bDestino,
_c2002.
300 _a255 p. ;
_c26 cm.
650 1 4 _aTemplos egipcios.
_917454
651 4 _aEgipto-
_xCivilización.
_98138
852 _aES-MaACL
_jL-26295
_bR.132126
999 _c47704
_d47704